Charlie and the Chocolate Factory Franchise - Statistics

General Stats
  • This quiz has been taken 32 times
  • The average score is 9 of 11
Answer Stats
Type Year Name Info % Correct
Children's Novel 1964 Charlie and the Chocolate Factory Roald Dahl
100%
Video Game 1985 Charlie and the Chocolate Factory Hill MacGibbon
100%
Film 2005 Charlie and the Chocolate Factory Warner Bros.
100%
Video Game 2005 Charlie and the Chocolate Factory Global Star Software / 2K Games
100%
Musical 2013 Charlie and the Chocolate Factory Marc Shaiman
100%
Theme Park Attraction 2006-2015 Charlie and the Chocolate Factory: The Ride Alton Towers Resort
100%
Musical 2004 Roald Dahl's Willy Wonka Bricusse Newley / Anthony Newley
94%
Film 1971 Willy Wonka & the Chocolate Factory Paramount
83%
Children's Novel 1972 Charlie and the Great Glass Elevator Roald Dahl
78%
Opera 2010 The Golden Ticket Peter Ash
28%
Film 2017 Tom and Jerry: Willy Wonka and the Chocolate Factory Warner Bros.
28%
No matching quizzes found
Score Distribution
Percent of People with Each Score
Percentile by Number Answered
Your Score History
You have not taken this quiz